000
00324nam a2200145Ia 4500
100
_a
Jain R.K./ Gupta/ S.C.
942
_c
BK
654
_a
Production Technology
245
_a
Production Techanology
260
_b
Khanna pub.
_a
Delhi
_c
1989
082
_a
670
_b
Jai/Gup
300
_a
1562
546
_a
ENGLISH
999
_c
26695
_d
26695